Mixed Word: Add a Letter V Quiz Stats

 Plays Quiz Updated Jul 6, 2012

Challenge
Share
Tweet
Embed
Score 0/12 Timer 04:00
0 Plays Today
Hint Answer % Correct
CUBSBucks
83.7%
REDSDress
82.4%
NEONXenon
73.7%
LEADGlade
65.2%
RAYSScary
64.2%
NOUNUnion
48.5%
UTAHHaute
48.2%
ARESErase
43%
OPALPolka
42.8%
IRONMinor
36.2%
GOLDGodly
32.9%
HERARehab
25%

You're not logged in!

Compare scores with friends on all Sporcle quizzes.
Join for Free
OR
Log In

You Might Also Like...

Show Comments

Extras

Top Quizzes Today


Score Distribution

Your Account Isn't Verified!

In order to create a playlist on Sporcle, you need to verify the email address you used during registration. Go to your Sporcle Settings to finish the process.

Report this User

Report this user for behavior that violates our Community Guidelines.

Details: